Applied functional analysis : applications to mathematical physics

Αποθηκεύτηκε σε:
Λεπτομέρειες βιβλιογραφικής εγγραφής
Κύριος συγγραφέας: Zeidler, Eberhard
Μορφή: Βιβλίο
Γλώσσα:English
Δημοσίευση: New York : Springer, c1995
Σειρά:Applied mathematical sciences (Springer-Verlag New York Inc.) ; 108
Θέματα:
Ετικέτες: Προσθήκη ετικέτας
Δεν υπάρχουν, Καταχωρήστε ετικέτα πρώτοι!

MARC

LEADER 00000nam a2200000 i 4500
001 1/68311
008 990129s1995 eng d
020 |a 0-387-94442-7 
035 |l 10047628 
040 |a GR-MY-UA  |b gre  |e aacr 
041 0 |a eng 
082 0 |a 515.7 
100 1 |a Zeidler, Eberhard. 
245 1 0 |a Applied functional analysis :  |b applications to mathematical physics /  |c Eberhard Zeidler 
260 |a New York :   |b Springer,   |c c1995 
300 |a xxix, 479 p.;  |b ill.;  |c 25 cm. 
490 1 |a Applied mathematical sciences (Springer-Verlag New York Inc.)  |v ; 108 
500 |a Includes bibliography and index 
650 0 0 |a Functional analysis. 
650 0 0 |a Mathematical analysis. 
830 0 |a Applied mathematical sciences (Springer-Verlag New York Inc.)  |v ; 108 
852 |a INST  |b SAMOS  |e 19990129  |h 515.7 ZEI  |p 005300013526  |q 005300013526  |t BK  |y 0 
901 |a BIBL-1999-1 
909 |a Σ  |b 060609 
922 |a 3ΕΛΗ  |b 199901  |c ΕΠΕΑΕΚ/ΜΑΘ  |d LEADER